[Event "Russiarapid"]
[Site "?"]
[Date "2016.10.03"]
[Round "10.10"]
[White "Popov, Ivan"]
[Black "Levin, Evgeny A."]
[Result "1-0"]
[LiveChessVersion "1.4.4"]
[BlackElo "2585"]
[WhiteElo "2695"]

1. e4 {[%clk 0:15:19]} Nf6 {[%clk 0:15:19]} 2. Nc3 {[%clk 0:15:27]} d5
{[%clk 0:15:25]} 3. e5 {[%clk 0:15:35]} Nfd7 {[%clk 0:15:34]} 4. f4
{[%clk 0:15:43]} e6 {[%clk 0:15:38]} 5. d4 {[%clk 0:15:51]} c5 {[%clk 0:15:47]}
6. Nf3 {[%clk 0:15:59]} Nc6 {[%clk 0:15:55]} 7. Be3 {[%clk 0:16:08]} Be7
{[%clk 0:15:57]} 8. Be2 {[%clk 0:15:50]} b6 {[%clk 0:15:57]} 9. O-O
{[%clk 0:15:40]} O-O {[%clk 0:16:02]} 10. Qd2 {[%clk 0:15:48]} f5
{[%clk 0:16:04]} 11. Nd1 {[%clk 0:15:16]} cxd4 {[%clk 0:15:58]} 12. Nxd4
{[%clk 0:15:25]} Nxd4 {[%clk 0:16:06]} 13. Bxd4 {[%clk 0:15:33]} Nc5
{[%clk 0:16:08]} 14. Nf2 {[%clk 0:15:22]} Bb7 {[%clk 0:14:56]} 15. b4
{[%clk 0:14:55]} Ne4 {[%clk 0:14:37]} 16. Nxe4 {[%clk 0:15:03]} dxe4
{[%clk 0:14:45]} 17. a3 {[%clk 0:13:36]} Rc8 {[%clk 0:14:42]} 18. c4
{[%clk 0:13:15]} Kh8 {[%clk 0:13:49]} 19. Be3 {[%clk 0:11:22]} Qe8
{[%clk 0:12:57]} 20. Rad1 {[%clk 0:11:04]} Rd8 {[%clk 0:12:21]} 21. Qc1
{[%clk 0:10:49]} Rc8 {[%clk 0:08:41]} 22. g3 {[%clk 0:09:55]} Bd5
{[%clk 0:07:01]} 23. Rd4 {[%clk 0:09:57]} b5 {[%clk 0:06:44]} 24. c5
{[%clk 0:09:56]} Qc6 {[%clk 0:06:34]} 25. Rfd1 {[%clk 0:08:31]} Rfd8
{[%clk 0:06:22]} 26. Qc3 {[%clk 0:07:41]} a6 {[%clk 0:06:11]} 27. h4
{[%clk 0:07:27]} g6 {[%clk 0:04:16]} 28. h5 {[%clk 0:06:57]} Rd7 {[%clk 0:03:42]}
29. g4 {[%clk 0:05:06]} Rg8 {[%clk 0:03:36]} 30. Kh2 {[%clk 0:04:40]} Bd8
{[%clk 0:03:08]} 31. Rg1 {[%clk 0:03:17]} Rdg7 {[%clk 0:03:08]} 32. h6
{[%clk 0:02:25]} Rf7 {[%clk 0:01:56]} 33. Rd2 {[%clk 0:01:42]} Rgf8
{[%clk 0:00:46]} 34. gxf5 {[%clk 0:00:55]} Rxf5 {[%clk 0:00:54]} 35. Bg4
{[%clk 0:01:03]} Rxf4 {[%clk 0:00:45]} 36. Bxf4 {[%clk 0:01:03]} Rxf4
{[%clk 0:00:54]} 37. Qg3 {[%clk 0:00:53]} Bg5 {[%clk 0:00:26]} 38. Rf2
{[%clk 0:01:01]} Rxf2+ {[%clk 0:00:17]} 39. Qxf2 {[%clk 0:01:10]} Qe8
{[%clk 0:00:13]} 40. Bxe6 {[%clk 0:00:32]} Bxh6 {[%clk 0:00:22]} 41. Bxd5
{[%clk 0:00:18]} Qxe5+ {[%clk 0:00:31]} 42. Rg3 {[%clk 0:00:13]} Bf4
{[%clk 0:00:11]} 43. c6 {[%clk 0:00:12]} Bxg3+ {[%clk 0:00:13]} 44. Qxg3
{[%clk 0:00:21]} Qxd5 {[%clk 0:00:21]} 45. Qc3+ {[%clk 0:00:30]} Kg8
{[%clk 0:00:29]} 46. c7 {[%clk 0:00:40]} Qh5+ {[%clk 0:00:33]} 47. Kg3
{[%clk 0:00:47]} Qg5+ {[%clk 0:00:39]} 48. Kf2 {[%clk 0:00:53]} Qf4+
{[%clk 0:00:33]} 49. Ke2 Qg4+ {[%clk 0:00:19]} 50. Kd2 {[%clk 0:01:01]} Qd7+
{[%clk 0:00:12]} 51. Ke1 {[%clk 0:00:50]} Qc8 {[%clk 0:00:21]} 52. Qe5
{[%clk 0:00:30]} Kf7 {[%clk 0:00:29]} 53. Qd6 {[%clk 0:00:33]} Ke8
{[%clk 0:00:32]} 54. Ke2 {[%clk 0:00:17]} Qg4+ {[%clk 0:00:40]} 55. Ke3
{[%clk 0:00:23]} Qf3+ {[%clk 0:00:13]} 56. Kd4 {[%clk 0:00:32]} Qd3+
{[%clk 0:00:11]} 57. Kc5 {[%clk 0:00:37]} Qc3+ {[%clk 0:00:11]} 58. Kb6
{[%clk 0:00:46]} 1-0

[Event "Russiarapid"]
[Site "?"]
[Date "2016.10.03"]
[Round "10.11"]
[White "Chigaev, Maksim"]
[Black "Alekseev, Evgeny"]
[Result "1-0"]
[LiveChessVersion "1.4.4"]
[BlackElo "2688"]
[WhiteElo "2627"]

1. e4 {[%clk 0:15:18]} c5 {[%clk 0:15:17]} 2. Be2 {[%clk 0:15:24]} Nc6
{[%clk 0:15:00]} 3. f4 {[%clk 0:15:32]} d5 {[%clk 0:14:14]} 4. d3
{[%clk 0:15:40]} dxe4 {[%clk 0:11:10]} 5. dxe4 {[%clk 0:15:41]} Qxd1+
{[%clk 0:11:18]} 6. Bxd1 {[%clk 0:15:48]} Nf6 {[%clk 0:10:25]} 7. e5
{[%clk 0:15:49]} Nd5 {[%clk 0:10:20]} 8. c3 {[%clk 0:15:50]} Bf5 {[%clk 0:10:11]}
9. Na3 {[%clk 0:15:05]} g5 {[%clk 0:08:52]} 10. fxg5 {[%clk 0:14:14]} Nxe5
{[%clk 0:09:00]} 11. Ba4+ {[%clk 0:14:20]} Bd7 {[%clk 0:09:07]} 12. Bxd7+
{[%clk 0:14:01]} Kxd7 {[%clk 0:09:15]} 13. Ke2 {[%clk 0:14:05]} h6
{[%clk 0:06:38]} 14. Nf3 {[%clk 0:14:13]} Nxf3 15. Kxf3 {[%clk 0:14:21]} hxg5
{[%clk 0:06:13]} 16. Bxg5 {[%clk 0:14:29]} f6 {[%clk 0:06:20]} 17. Rad1
{[%clk 0:14:16]} Kc6 {[%clk 0:06:29]} 18. Bc1 {[%clk 0:14:23]} e5
{[%clk 0:06:30]} 19. Nc4 {[%clk 0:10:53]} b6 {[%clk 0:06:37]} 20. h4
{[%clk 0:09:24]} Bh6 {[%clk 0:06:45]} 21. Bxh6 {[%clk 0:07:23]} Rxh6
{[%clk 0:06:54]} 22. g4 {[%clk 0:07:32]} Rah8 {[%clk 0:06:52]} 23. h5
{[%clk 0:06:53]} Rg8 {[%clk 0:06:57]} 24. Rhg1 {[%clk 0:06:08]} Rg5
{[%clk 0:06:49]} 25. Ke4 {[%clk 0:05:43]} Ne7 {[%clk 0:05:50]} 26. Ne3
{[%clk 0:05:41]} Rh8 {[%clk 0:05:29]} 27. Rgf1 {[%clk 0:04:57]} Rf8
{[%clk 0:05:19]} 28. Rf3 {[%clk 0:03:30]} Nc8 {[%clk 0:05:21]} 29. Nf5
{[%clk 0:02:20]} Rxg4+ {[%clk 0:05:15]} 30. Ke3 {[%clk 0:02:30]} b5
{[%clk 0:04:01]} 31. b3 {[%clk 0:02:14]} Rg5 {[%clk 0:03:01]} 32. h6
{[%clk 0:02:15]} Rh8 {[%clk 0:03:08]} 33. Rf2 {[%clk 0:01:16]} c4
{[%clk 0:02:58]} 34. bxc4 {[%clk 0:01:06]} bxc4 {[%clk 0:03:07]} 35. a4
{[%clk 0:01:13]} a5 {[%clk 0:01:56]} 36. Rb1 {[%clk 0:01:16]} Rh7
{[%clk 0:02:02]} 37. Rb5 {[%clk 0:00:33]} Rh5 {[%clk 0:01:34]} 38. Rxa5 Nb6
{[%clk 0:01:34]} 39. Ne7+ {[%clk 0:00:33]} Rxe7 {[%clk 0:01:23]} 40. Rxf6+
{[%clk 0:00:42]} Kc7 {[%clk 0:01:15]} 41. Rc5+ {[%clk 0:00:50]} Kb7
{[%clk 0:00:52]} 42. Rb5 {[%clk 0:00:59]} Rh3+ {[%clk 0:01:02]} 43. Ke4
{[%clk 0:00:47]} Rh4+ {[%clk 0:01:09]} 44. Kf5 {[%clk 0:00:45]} Rf4+
{[%clk 0:00:26]} 45. Kg5 {[%clk 0:00:34]} Rxf6 {[%clk 0:00:30]} 46. Kxf6
{[%clk 0:00:43]} Rh7 {[%clk 0:00:39]} 47. Kg6 {[%clk 0:00:48]} Rxh6+
{[%clk 0:00:41]} 48. Kxh6 {[%clk 0:00:54]} Ka6 {[%clk 0:00:37]} 49. Rxe5
{[%clk 0:00:45]} Nxa4 {[%clk 0:00:45]} 50. Re3 {[%clk 0:00:54]} Kb5
{[%clk 0:00:43]} 51. Kg5 {[%clk 0:01:03]} Nb6 {[%clk 0:00:33]} 52. Kf5
{[%clk 0:01:07]} Ka4 {[%clk 0:00:37]} 53. Ke4 {[%clk 0:01:11]} Kb3
{[%clk 0:00:46]} 54. Kd4 {[%clk 0:01:19]} Na4 {[%clk 0:00:55]} 55. Rh3
{[%clk 0:00:52]} Nb2 {[%clk 0:00:57]} 56. Rh8 {[%clk 0:00:40]} Nd1
{[%clk 0:00:58]} 57. Rh1 {[%clk 0:00:45]} 1-0

[Event "Russiarapid"]
[Site "?"]
[Date "2016.10.03"]
[Round "10.12"]
[White "Glek, Igor"]
[Black "Khairullin, Ildar"]
[Result "0-1"]
[LiveChessVersion "1.4.4"]
[BlackElo "2683"]
[WhiteElo "2490"]

1. e4 {[%clk 0:14:28]} e6 {[%clk 0:14:38]} 2. f4 {[%clk 0:14:32]} d5
{[%clk 0:14:38]} 3. e5 {[%clk 0:14:41]} c5 {[%clk 0:14:47]} 4. Nf3
{[%clk 0:14:50]} Nc6 {[%clk 0:14:52]} 5. c3 {[%clk 0:14:59]} Nh6 {[%clk 0:14:28]}
6. Na3 {[%clk 0:15:08]} Bd7 {[%clk 0:14:13]} 7. Nc2 {[%clk 0:15:16]} Qb6
{[%clk 0:14:16]} 8. d3 {[%clk 0:14:56]} f6 {[%clk 0:14:17]} 9. exf6
{[%clk 0:14:59]} gxf6 {[%clk 0:14:26]} 10. g3 {[%clk 0:15:03]} O-O-O
{[%clk 0:14:08]} 11. Bg2 {[%clk 0:15:10]} Nf5 {[%clk 0:14:10]} 12. O-O
{[%clk 0:15:06]} Bd6 {[%clk 0:13:28]} 13. Kh1 {[%clk 0:15:08]} h5
{[%clk 0:13:17]} 14. Bh3 {[%clk 0:14:26]} h4 {[%clk 0:12:13]} 15. g4
{[%clk 0:14:15]} Nfe7 {[%clk 0:12:21]} 16. g5 {[%clk 0:13:56]} Ng6
{[%clk 0:12:21]} 17. gxf6 {[%clk 0:13:52]} Nxf4 {[%clk 0:12:30]} 18. Ng5
{[%clk 0:12:44]} Nxh3 {[%clk 0:12:35]} 19. Nxh3 {[%clk 0:12:53]} d4
{[%clk 0:12:31]} 20. Ng5 {[%clk 0:12:58]} Ne5 {[%clk 0:12:39]} 21. cxd4
{[%clk 0:12:18]} Bc6+ {[%clk 0:12:02]} 22. Ne4 {[%clk 0:10:45]} Nxd3
{[%clk 0:11:07]} 23. Qxd3 {[%clk 0:10:39]} Qa6 {[%clk 0:11:17]} 24. Qxa6
{[%clk 0:09:35]} Bxe4+ {[%clk 0:11:25]} 25. Kg1 {[%clk 0:09:44]} Rdg8+
{[%clk 0:08:01]} 26. Kf2 {[%clk 0:09:51]} bxa6 {[%clk 0:08:11]} 27. Ne1
{[%clk 0:08:23]} cxd4 {[%clk 0:08:07]} 28. Ke2 {[%clk 0:08:22]} Bxh2
{[%clk 0:08:00]} 29. f7 {[%clk 0:08:21]} Rf8 {[%clk 0:08:05]} 30. Bf4
{[%clk 0:08:17]} Bxf4 {[%clk 0:07:14]} 31. Rxf4 {[%clk 0:08:26]} Bd5
{[%clk 0:06:41]} 32. Nd3 {[%clk 0:07:30]} Rh5 {[%clk 0:04:02]} 33. Rxd4
{[%clk 0:05:51]} Rxf7 {[%clk 0:03:46]} 34. Nf4 {[%clk 0:05:37]} Re5+
{[%clk 0:03:54]} 35. Kd3 {[%clk 0:05:29]} h3 {[%clk 0:03:49]} 36. Nxd5
{[%clk 0:04:47]} Rxd5 {[%clk 0:03:58]} 37. Rxd5 exd5 {[%clk 0:04:07]} 38. Rh1
{[%clk 0:04:44]} Rh7 {[%clk 0:04:16]} 39. Kd4 {[%clk 0:04:51]} Rh5
{[%clk 0:04:24]} 40. Rh2 {[%clk 0:03:55]} Kd7 {[%clk 0:04:33]} 41. Kc5
{[%clk 0:04:04]} Ke6 {[%clk 0:04:35]} 42. Kc6 {[%clk 0:04:10]} d4
{[%clk 0:04:31]} 43. Kb7 {[%clk 0:04:18]} Rh7+ {[%clk 0:04:35]} 44. Kxa6
{[%clk 0:04:28]} Ke5 {[%clk 0:04:34]} 45. b4 {[%clk 0:04:14]} d3 {[%clk 0:04:34]}
46. b5 {[%clk 0:04:23]} Kd4 {[%clk 0:04:41]} 47. a4 {[%clk 0:04:32]} Kc3
{[%clk 0:04:50]} 48. a5 {[%clk 0:04:41]} d2 {[%clk 0:04:59]} 0-1

[Event "Russiarapid"]
[Site "?"]
[Date "2016.10.03"]
[Round "10.13"]
[White "Vastrukhin, Oleg"]
[Black "Matlakov, Maxim"]
[Result "0-1"]
[LiveChessVersion "1.4.4"]
[BlackElo "2659"]
[WhiteElo "2456"]

1. Nf3 {[%clk 0:15:17]} Nf6 {[%clk 0:15:19]} 2. g3 {[%clk 0:15:26]} g6
{[%clk 0:15:24]} 3. Bg2 {[%clk 0:15:36]} Bg7 {[%clk 0:15:33]} 4. O-O
{[%clk 0:15:44]} O-O {[%clk 0:15:41]} 5. c4 {[%clk 0:15:53]} d6 {[%clk 0:15:49]}
6. Nc3 {[%clk 0:16:01]} Nc6 {[%clk 0:15:46]} 7. Rb1 {[%clk 0:15:48]} e5
{[%clk 0:15:25]} 8. d3 {[%clk 0:15:56]} h6 {[%clk 0:15:28]} 9. b4
{[%clk 0:16:03]} Be6 {[%clk 0:15:36]} 10. e4 {[%clk 0:16:08]} Nd7
{[%clk 0:15:07]} 11. Nd5 {[%clk 0:16:00]} Ne7 {[%clk 0:14:45]} 12. Be3
{[%clk 0:16:00]} Kh7 {[%clk 0:14:42]} 13. d4 {[%clk 0:15:32]} Ng8
{[%clk 0:13:58]} 14. Qd3 {[%clk 0:14:09]} f5 {[%clk 0:12:55]} 15. dxe5
{[%clk 0:13:31]} fxe4 16. Qxe4 {[%clk 0:13:40]} Bf5 {[%clk 0:12:42]} 17. Qh4
{[%clk 0:13:46]} Bxb1 {[%clk 0:11:52]} 18. Bg5 {[%clk 0:13:13]} Qe8
{[%clk 0:09:08]} 19. Rxb1 {[%clk 0:12:40]} Nxe5 {[%clk 0:09:13]} 20. Nd2
{[%clk 0:10:38]} Qf7 {[%clk 0:08:40]} 21. f4 {[%clk 0:09:49]} Nd3
{[%clk 0:06:43]} 22. Be4 {[%clk 0:09:10]} c6 {[%clk 0:05:51]} 23. Ne3
{[%clk 0:08:54]} Rae8 {[%clk 0:04:35]} 24. f5 {[%clk 0:08:39]} Rxe4
{[%clk 0:04:28]} 25. Nxe4 {[%clk 0:07:34]} gxf5 {[%clk 0:04:23]} 26. Bxh6
{[%clk 0:07:24]} fxe4 {[%clk 0:04:22]} 27. Rf1 {[%clk 0:07:33]} Qg6
{[%clk 0:03:54]} 28. Rxf8 {[%clk 0:07:11]} Nxh6 {[%clk 0:03:52]} 29. Qe7
{[%clk 0:06:21]} Ne5 {[%clk 0:03:28]} 30. Rf4 {[%clk 0:06:07]} Qh5
{[%clk 0:02:57]} 31. Nf1 {[%clk 0:04:37]} Qe2 {[%clk 0:02:57]} 32. Rf2
{[%clk 0:04:37]} Qd3 {[%clk 0:02:50]} 33. c5 {[%clk 0:03:21]} e3 34. Nxe3
{[%clk 0:03:30]} Qxe3 {[%clk 0:02:51]} 35. cxd6 {[%clk 0:03:39]} Nhg4
{[%clk 0:02:45]} 36. Qh4+ {[%clk 0:03:45]} Kg6 {[%clk 0:02:54]} 0-1

[Event "Russiarapid"]
[Site "?"]
[Date "2016.10.03"]
[Round "10.14"]
[White "Vitiugov, Nikita"]
[Black "Shcherbin, Matvei"]
[Result "1-0"]
[LiveChessVersion "1.4.4"]
[BlackElo "2340"]
[WhiteElo "2677"]

1. e4 {[%clk 0:15:17]} c5 {[%clk 0:15:18]} 2. Nf3 {[%clk 0:15:24]} e6
{[%clk 0:15:27]} 3. d4 {[%clk 0:15:23]} cxd4 {[%clk 0:15:35]} 4. Nxd4
{[%clk 0:15:31]} Bc5 {[%clk 0:15:43]} 5. Nc3 {[%clk 0:15:17]} Qb6
{[%clk 0:15:52]} 6. Na4 {[%clk 0:15:06]} Qa5+ {[%clk 0:16:00]} 7. c3
{[%clk 0:15:01]} Bxd4 {[%clk 0:16:08]} 8. Qxd4 {[%clk 0:15:07]} Nf6
{[%clk 0:16:02]} 9. Nc5 {[%clk 0:14:12]} Nc6 {[%clk 0:16:01]} 10. Qd6
{[%clk 0:13:59]} b6 {[%clk 0:16:05]} 11. Nb3 {[%clk 0:11:19]} Qe5
{[%clk 0:16:02]} 12. Qxe5 {[%clk 0:11:15]} Nxe5 {[%clk 0:16:11]} 13. f3
{[%clk 0:11:05]} d5 {[%clk 0:15:46]} 14. exd5 {[%clk 0:11:01]} Nxd5
{[%clk 0:15:48]} 15. Bd2 {[%clk 0:11:09]} Bb7 {[%clk 0:14:51]} 16. c4
{[%clk 0:11:13]} Nf6 {[%clk 0:14:31]} 17. Bc3 {[%clk 0:11:19]} Ng6
{[%clk 0:14:11]} 18. h4 {[%clk 0:10:02]} h5 {[%clk 0:13:31]} 19. Kf2
{[%clk 0:10:09]} O-O-O {[%clk 0:11:45]} 20. a4 {[%clk 0:10:16]} Nf4
{[%clk 0:11:51]} 21. a5 {[%clk 0:10:00]} Rhg8 {[%clk 0:09:13]} 22. axb6
{[%clk 0:09:43]} axb6 {[%clk 0:09:22]} 23. Ke3 {[%clk 0:09:31]} Ng6
{[%clk 0:08:57]} 24. Bd4 {[%clk 0:09:00]} Kc7 {[%clk 0:08:44]} 25. c5
{[%clk 0:07:58]} bxc5 {[%clk 0:07:31]} 26. Bxc5 {[%clk 0:06:59]} e5
{[%clk 0:06:38]} 27. Bc4 {[%clk 0:06:32]} Nd5+ {[%clk 0:06:02]} 28. Kf2
{[%clk 0:06:33]} Ngf4 {[%clk 0:05:39]} 29. Rhc1 {[%clk 0:06:01]} Ra8
{[%clk 0:04:49]} 30. Ba7 {[%clk 0:05:32]} Kd6 {[%clk 0:03:41]} 31. Nc5
{[%clk 0:05:37]} Bc6 {[%clk 0:03:24]} 32. Ne4+ {[%clk 0:05:23]} Ke7
{[%clk 0:02:26]} 33. Bc5+ {[%clk 0:04:29]} Kd7 {[%clk 0:02:29]} 34. g3
{[%clk 0:04:02]} Ne6 {[%clk 0:02:22]} 35. Rxa8 {[%clk 0:03:52]} Rxa8
{[%clk 0:01:52]} 36. Rd1 {[%clk 0:03:58]} Nxc5 {[%clk 0:00:46]} 37. Nxc5+
{[%clk 0:03:41]} Kc7 {[%clk 0:00:12]} 38. Bxd5 {[%clk 0:03:38]} Bxd5
{[%clk 0:00:21]} 39. Rxd5 {[%clk 0:03:44]} Ra5 {[%clk 0:00:31]} 40. Ne6+
{[%clk 0:03:50]} 1-0

[Event "Russiarapid"]
[Site "?"]
[Date "2016.10.03"]
[Round "10.15"]
[White "Potapov, Pavel"]
[Black "Khismatullin, Denis"]
[Result "1-0"]
[LiveChessVersion "1.4.4"]
[BlackElo "2668"]
[WhiteElo "2503"]

1. e4 {[%clk 0:15:18]} g6 {[%clk 0:15:05]} 2. d4 {[%clk 0:15:25]} Bg7
{[%clk 0:15:14]} 3. Nc3 {[%clk 0:15:33]} d6 {[%clk 0:15:23]} 4. Be3
{[%clk 0:15:40]} a6 {[%clk 0:15:31]} 5. Qd2 {[%clk 0:15:45]} b5 {[%clk 0:15:36]}
6. h4 {[%clk 0:14:28]} Nf6 {[%clk 0:15:41]} 7. f3 {[%clk 0:14:19]} h5
{[%clk 0:14:56]} 8. Nh3 {[%clk 0:13:09]} Bxh3 {[%clk 0:14:57]} 9. Rxh3
{[%clk 0:13:13]} Nbd7 {[%clk 0:15:05]} 10. Be2 {[%clk 0:12:35]} c6
{[%clk 0:13:45]} 11. Rh1 {[%clk 0:11:12]} Qc7 {[%clk 0:13:21]} 12. Nd1
{[%clk 0:10:14]} e5 {[%clk 0:13:12]} 13. Nf2 {[%clk 0:10:02]} exd4
{[%clk 0:09:20]} 14. Bxd4 {[%clk 0:10:09]} Rd8 {[%clk 0:09:06]} 15. a4
{[%clk 0:08:55]} O-O {[%clk 0:07:41]} 16. g4 {[%clk 0:08:05]} d5 {[%clk 0:06:05]}
17. exd5 {[%clk 0:05:50]} c5 {[%clk 0:05:32]} 18. d6 {[%clk 0:03:53]} Qxd6
{[%clk 0:04:42]} 19. Bc3 {[%clk 0:03:59]} Qc6 {[%clk 0:03:40]} 20. O-O-O
{[%clk 0:03:23]} b4 21. Bxf6 {[%clk 0:03:22]} Qxa4 {[%clk 0:02:20]} 22. Kb1
{[%clk 0:03:31]} Bxf6 {[%clk 0:02:06]} 23. Ne4 {[%clk 0:03:39]} Bd4
{[%clk 0:00:59]} 24. gxh5 {[%clk 0:03:31]} Ne5 {[%clk 0:00:51]} 25. Qh6
{[%clk 0:03:12]} Qc6 {[%clk 0:00:13]} 26. Ng5 {[%clk 0:03:12]} Rfe8
{[%clk 0:00:23]} 27. Bc4 {[%clk 0:02:52]} Qf6 {[%clk 0:00:19]} 28. hxg6
{[%clk 0:02:52]} Qxg6 {[%clk 0:00:20]} 29. Bxf7+ {[%clk 0:02:55]} 1-0

[Event "Russiarapid"]
[Site "?"]
[Date "2016.10.03"]
[Round "10.16"]
[White "Ivanov, Alexander Al."]
[Black "Romanov, Evgeny"]
[Result "0-1"]
[LiveChessVersion "1.4.4"]
[BlackElo "2621"]
[WhiteElo "2473"]

1. e4 {[%clk 0:15:18]} e5 {[%clk 0:15:18]} 2. Nf3 {[%clk 0:15:26]} Nc6
{[%clk 0:15:27]} 3. Bb5 {[%clk 0:15:35]} a6 {[%clk 0:15:36]} 4. Bxc6
{[%clk 0:15:43]} dxc6 {[%clk 0:15:44]} 5. O-O {[%clk 0:15:52]} Qe7
{[%clk 0:15:52]} 6. d4 {[%clk 0:15:55]} exd4 {[%clk 0:16:00]} 7. Nxd4
{[%clk 0:15:51]} Bd7 {[%clk 0:16:03]} 8. Nf5 {[%clk 0:15:20]} Qf6
{[%clk 0:15:18]} 9. Qd4 {[%clk 0:14:08]} Qxd4 {[%clk 0:14:48]} 10. Nxd4
{[%clk 0:14:17]} O-O-O {[%clk 0:14:55]} 11. Bg5 {[%clk 0:14:18]} f6
{[%clk 0:14:38]} 12. Be3 {[%clk 0:13:46]} Ne7 {[%clk 0:14:38]} 13. Nc3
{[%clk 0:12:58]} Ng6 {[%clk 0:14:23]} 14. a3 {[%clk 0:12:41]} Re8
{[%clk 0:13:45]} 15. Rfe1 {[%clk 0:12:37]} c5 {[%clk 0:13:17]} 16. Nf5
{[%clk 0:10:19]} Ne5 {[%clk 0:12:46]} 17. Bf4 {[%clk 0:08:49]} g6
{[%clk 0:11:54]} 18. Ne3 {[%clk 0:08:49]} Bd6 {[%clk 0:12:00]} 19. Bg3
{[%clk 0:08:41]} h5 {[%clk 0:11:51]} 20. h3 {[%clk 0:07:49]} h4 {[%clk 0:10:55]}
21. Bh2 {[%clk 0:07:57]} b5 {[%clk 0:10:40]} 22. Ncd5 {[%clk 0:07:33]} Rhf8
{[%clk 0:10:35]} 23. Rad1 {[%clk 0:07:08]} Kb7 {[%clk 0:10:34]} 24. f4
{[%clk 0:05:26]} Nc6 {[%clk 0:10:16]} 25. Ng4 {[%clk 0:05:29]} Bxg4
{[%clk 0:08:38]} 26. hxg4 {[%clk 0:05:38]} c4 {[%clk 0:06:50]} 27. Kh1
{[%clk 0:04:20]} g5 {[%clk 0:06:21]} 28. e5 {[%clk 0:03:26]} fxe5
{[%clk 0:06:28]} 29. fxg5 {[%clk 0:03:25]} Rf7 {[%clk 0:05:45]} 30. Nf6
{[%clk 0:03:21]} Ref8 {[%clk 0:04:57]} 31. c3 {[%clk 0:03:28]} Kc8
{[%clk 0:03:46]} 32. Ne4 {[%clk 0:03:34]} Be7 {[%clk 0:03:54]} 33. Kg1
{[%clk 0:00:58]} Rg8 {[%clk 0:04:00]} 34. Rf1 {[%clk 0:00:35]} Rxf1+
{[%clk 0:04:07]} 35. Rxf1 {[%clk 0:00:35]} Bxg5 {[%clk 0:04:15]} 36. Kf2
{[%clk 0:00:27]} Bf4 {[%clk 0:03:20]} 37. Bxf4 {[%clk 0:00:19]} exf4
{[%clk 0:02:26]} 38. Nc5 {[%clk 0:00:11]} Ne5 {[%clk 0:01:55]} 39. Ke2 Rxg4 40.
Rf2 Rxg2 {[%clk 0:01:34]} 41. Rxg2 {[%clk 0:00:30]} f3+ {[%clk 0:01:43]} 42. Kf2
{[%clk 0:00:37]} fxg2 {[%clk 0:01:51]} 43. Kxg2 {[%clk 0:00:47]} Nd3
{[%clk 0:01:37]} 44. Nxa6 {[%clk 0:00:54]} c5 {[%clk 0:01:43]} 0-1

[Event "Russiarapid"]
[Site "?"]
[Date "2016.10.03"]
[Round "10.17"]
[White "Predke, Alexandr"]
[Black "Belyakov, Bogdan"]
[Result "1-0"]
[LiveChessVersion "1.4.4"]
[BlackElo "2440"]
[WhiteElo "2618"]

1. e4 {[%clk 0:15:10]} e5 {[%clk 0:15:18]} 2. Nf3 {[%clk 0:15:17]} Nc6
{[%clk 0:15:27]} 3. d4 {[%clk 0:15:11]} exd4 {[%clk 0:15:34]} 4. Nxd4
{[%clk 0:15:19]} Nf6 {[%clk 0:15:43]} 5. Nxc6 {[%clk 0:15:27]} bxc6
{[%clk 0:15:50]} 6. e5 {[%clk 0:15:35]} Qe7 {[%clk 0:15:59]} 7. Qe2
{[%clk 0:15:44]} Nd5 {[%clk 0:16:07]} 8. c4 {[%clk 0:15:53]} Ba6 {[%clk 0:16:15]}
9. Nd2 {[%clk 0:15:53]} Nb6 {[%clk 0:12:56]} 10. b3 {[%clk 0:15:28]} f6
{[%clk 0:12:05]} 11. exf6 {[%clk 0:14:53]} gxf6 {[%clk 0:12:11]} 12. Bb2
{[%clk 0:14:52]} O-O-O {[%clk 0:11:12]} 13. Qxe7 {[%clk 0:14:25]} Bxe7
{[%clk 0:11:20]} 14. O-O-O {[%clk 0:14:32]} d5 {[%clk 0:11:12]} 15. cxd5
{[%clk 0:14:02]} Bxf1 {[%clk 0:11:20]} 16. Rhxf1 {[%clk 0:14:10]} cxd5
{[%clk 0:10:47]} 17. Rfe1 {[%clk 0:13:28]} Kd7 {[%clk 0:09:40]} 18. Re3
{[%clk 0:10:45]} Rhg8 {[%clk 0:09:21]} 19. g3 {[%clk 0:10:22]} Rdf8
{[%clk 0:08:31]} 20. Nf3 {[%clk 0:09:29]} Bd6 {[%clk 0:07:16]} 21. Nd4
{[%clk 0:08:38]} Re8 {[%clk 0:06:35]} 22. Rf3 {[%clk 0:08:16]} Be5
{[%clk 0:06:33]} 23. Nc2 {[%clk 0:07:21]} c6 {[%clk 0:06:20]} 24. Bd4
{[%clk 0:06:56]} Nc8 {[%clk 0:05:50]} 25. b4 {[%clk 0:06:40]} Rg4
{[%clk 0:05:12]} 26. Ra3 {[%clk 0:06:37]} Bd6 {[%clk 0:04:52]} 27. f3
{[%clk 0:06:19]} Rg6 {[%clk 0:04:07]} 28. Bxa7 {[%clk 0:06:27]} Re2
{[%clk 0:03:37]} 29. Rd2 {[%clk 0:06:16]} Rxd2 30. Kxd2 {[%clk 0:06:24]} h5
{[%clk 0:03:46]} 31. Bf2 {[%clk 0:05:52]} h4 {[%clk 0:03:40]} 32. f4
{[%clk 0:05:23]} hxg3 {[%clk 0:03:38]} 33. hxg3 {[%clk 0:05:23]} Rh6
{[%clk 0:03:41]} 34. Ke2 {[%clk 0:04:02]} Rh1 {[%clk 0:03:46]} 35. Rb3
{[%clk 0:04:00]} Be7 {[%clk 0:03:13]} 36. b5 {[%clk 0:03:59]} Nd6
{[%clk 0:02:51]} 37. bxc6+ {[%clk 0:04:01]} Kxc6 {[%clk 0:03:00]} 38. Nb4+
{[%clk 0:03:57]} Kd7 {[%clk 0:03:07]} 39. Nxd5 {[%clk 0:04:02]} Bd8
{[%clk 0:02:53]} 40. Rd3 {[%clk 0:03:24]} Ke6 {[%clk 0:02:31]} 41. Nc3
{[%clk 0:03:10]} Ba5 {[%clk 0:02:25]} 42. Re3+ {[%clk 0:02:37]} Kd7
{[%clk 0:02:18]} 43. Ne4 {[%clk 0:02:32]} Nc4 {[%clk 0:01:08]} 44. Nxf6+
{[%clk 0:02:37]} Kc6 {[%clk 0:01:16]} 45. Re6+ {[%clk 0:02:03]} Kb5
{[%clk 0:01:25]} 46. Ne4 {[%clk 0:02:00]} Bb4 {[%clk 0:01:32]} 47. Re8
{[%clk 0:01:40]} Ra1 {[%clk 0:01:12]} 48. Rb8+ {[%clk 0:01:36]} Ka4
{[%clk 0:01:19]} 49. Ra8+ {[%clk 0:01:34]} Ba5 {[%clk 0:01:16]} 50. Kd3
{[%clk 0:00:55]} Rc1 {[%clk 0:01:05]} 51. f5 {[%clk 0:00:15]} Kb5
{[%clk 0:01:05]} 52. f6 {[%clk 0:00:19]} Nb2+ {[%clk 0:00:45]} 53. Ke2
{[%clk 0:00:24]} Rc2+ {[%clk 0:00:49]} 54. Kf1 {[%clk 0:00:27]} Rc7
{[%clk 0:00:12]} 55. f7 {[%clk 0:00:29]} Bb4 {[%clk 0:00:19]} 56. Rb8+
{[%clk 0:00:30]} Ka5 {[%clk 0:00:19]} 57. Bb6+ {[%clk 0:00:36]} 1-0